[Event "11th WUCC Women"]
[Site "Zuerich SUI"]
[Date "2010.09.08"]
[Round "6"]
[White "Garcia,Lir"]
[Black "Lkhamsuren,U"]
[Result "0-1"]
[WhiteElo "1908"]
[BlackElo "2206"]
[EventDate "2010.09.05"]

1. d4 e6 2. c4 d5 3. Nc3 Nf6 4. cxd5 exd5 5. Bg5 Bb4 6. e3 Nbd7 7. Bd3 O-O
8. Nge2 c6 9. Qc2 Qa5 10. O-O Re8 11. a3 Bd6 12. Ng3 h6 13. Bh4 Qc7 14. Nf5
Bxh2+ 15. Kh1 Bd6 16. f3 Bf8 17. e4 g6 18. Bg3 Qb6 19. Na4 Qd8 20. Nd6 Nh5
21. Qf2 Re6 22. Nxc8 Rxc8 23. Bh2 dxe4 24. fxe4 Rf6 25. Qe3 Qa5 26. Nc3 Qg5
27. Qh3 Nb6 28. e5 Rxf1+ 29. Rxf1 Be7 30. g4 Ng7 31. Ne4 Qh4 32. Qf3 Rf8
33. Kg2 h5 34. g5 Nf5 35. Bg3 Nxg3 36. Nxg3 Qxg5 37. Kh2 Nd5 38. Nf5 Kh7
39. Bc4 gxf5 40. Bd3 Qh4+ 0-1

[Event "11th WUCC Women"]
[Site "Zuerich SUI"]
[Date "2010.09.08"]
[Round "6"]
[White "Dale,H"]
[Black "Lestari,B"]
[Result "0-1"]
[WhiteElo "1779"]
[BlackElo "2177"]
[EventDate "2010.09.05"]

1. c4 Nf6 2. Nc3 e6 3. g3 d5 4. cxd5 exd5 5. d4 c6 6. Bg5 Be7 7. Bg2 O-O 8.
Nf3 Nbd7 9. O-O Re8 10. a3 Bd6 11. e3 h6 12. Bxf6 Nxf6 13. Nd2 Bg4 14. Qc2
Qd7 15. b4 a5 16. b5 Bf8 17. bxc6 bxc6 18. Na4 Rab8 19. Nb3 Bf5 20. Nbc5
Bxc2 21. Nxd7 Nxd7 22. Nc3 Rb3 23. Ne2 Reb8 24. Bh3 Nf6 25. Rac1 Bd3 26.
Rfe1 Rb1 27. Nf4 Bh7 28. Kf1 Rxc1 29. Rxc1 Rb1 30. Rxb1 Bxb1 0-1

[Event "11th WUCC Women"]
[Site "Zuerich SUI"]
[Date "2010.09.08"]
[Round "6"]
[White "Hegarty,S"]
[Black "Rajapaksha,A"]
[Result "1-0"]
[WhiteElo "2084"]
[BlackElo "1790"]
[EventDate "2010.09.05"]

1. e4 e6 2. d4 d5 3. Nc3 Nf6 4. Bg5 Be7 5. e5 Nfd7 6. h4 c5 7. Nb5 Qa5+ 8.
Qd2 Qb6 9. Bxe7 Kxe7 10. Qg5+ Kf8 11. Nd6 Nc6 12. Qf4 Nd8 13. O-O-O cxd4
14. Nf3 f6 15. exf6 Nxf6 16. Nxd4 Nc6 17. Nxc8 Rxc8 18. Nxe6+ Kf7 19. Ng5+
Kg8 20. Kb1 Nb4 21. c3 Nc6 22. Rxd5 h6 23. Bc4 hxg5 24. Rd8+ Kh7 25. hxg5+
Kg6 26. Bd3+ Kf7 27. g6+ Ke7 28. Qd6+ 1-0

[Event "11th WUCC Women"]
[Site "Zuerich SUI"]
[Date "2010.09.08"]
[Round "6"]
[White "Heinatz,M"]
[Black "Martinez,Jan"]
[Result "1-0"]
[WhiteElo "1935"]
[BlackElo "1949"]
[EventDate "2010.09.05"]

1. e4 e6 2. d4 d5 3. Nc3 Bb4 4. e5 Ne7 5. a3 Ba5 6. Bd3 Nbc6 7. Nf3 Nf5 8.
Be3 f6 9. exf6 Qxf6 10. Bg5 Qf7 11. Bb5 O-O 12. O-O Qg6 13. Ne2 Nd6 14. Bd3
Ne4 15. Ng3 Nxd4 16. Nxd4 Qxg5 17. Nf3 Qf4 18. Qe2 Ng5 19. Ne5 c5 20. Nh5
Qh4 21. f4 Nf7 22. Bxh7+ Kxh7 23. Qd3+ Kg8 24. Qg6 Qxh5 25. Qxh5 Nxe5 26.
fxe5 Bd7 27. g4 Bb5 28. Rxf8+ Rxf8 29. Qg6 Bd7 30. c3 Bc7 31. Re1 Bd8 32.
Re3 c4 33. Rh3 Bb6+ 34. Kg2 Rf2+ 35. Kg3 Rf1 36. Rh7 Rf7 37. Qh5 Kf8 38.
Rh8+ Ke7 39. Qg5+ 1-0

[Event "11th WUCC Women"]
[Site "Zuerich SUI"]
[Date "2010.09.10"]
[Round "7"]
[White "Guramishvili,S"]
[Black "Drljevic,L"]
[Result "1/2-1/2"]
[WhiteElo "2343"]
[BlackElo "2273"]
[EventDate "2010.09.05"]

1. Nf3 Nf6 2. c4 g6 3. b4 Bg7 4. Bb2 O-O 5. e3 d5 6. d4 c6 7. Nbd2 Nbd7 8.
Be2 Ne4 9. O-O h5 10. a4 Nxd2 11. Qxd2 Nb6 12. cxd5 cxd5 13. Ne5 Be6 14. a5
Bxe5 15. dxe5 Nc4 16. Bxc4 dxc4 17. Bd4 Bf5 18. f4 Qd5 19. Qf2 Rfd8 20. Qh4
Rd7 21. h3 Bd3 22. Rf2 Qe4 23. Qg5 Rxd4 24. exd4 Qxd4 25. Re1 e6 26. Qe7
Rd8 27. Rc1 Kg7 28. Qf6+ Kg8 29. Qe7 Kg7 30. f5 gxf5 31. Qf6+ Kf8 32. Qh6+
Ke8 33. Qh8+ Ke7 34. Qf6+ Ke8 35. Qh8+ 1/2-1/2

[Event "11th WUCC Women"]
[Site "Zuerich SUI"]
[Date "2010.09.10"]
[Round "7"]
[White "Munguntuul,B"]
[Black "Tuvshintugs,B"]
[Result "1-0"]
[WhiteElo "2412"]
[BlackElo "2333"]
[EventDate "2010.09.05"]

1. e4 e5 2. Nf3 Nc6 3. Bb5 a6 4. Ba4 Nf6 5. O-O Be7 6. Re1 b5 7. Bb3 d6 8.
c3 O-O 9. d4 Bg4 10. Be3 Na5 11. dxe5 Bxf3 12. Qxf3 dxe5 13. Bc2 Nc4 14.
Bc1 c5 15. a4 Qc7 16. b3 Nb6 17. Nd2 Rfd8 18. Nf1 bxa4 19. bxa4 Nc4 20. Bg5
Ne8 21. Bxe7 Qxe7 22. Qe2 Na5 23. Ne3 Nf6 24. Bd3 Qe6 25. Bc4 Nxc4 26. Qxc4
Qxc4 27. Nxc4 Rd3 28. Rac1 Re8 29. f3 Rb8 30. Red1 Rxd1+ 31. Rxd1 Kf8 32.
Nxe5 Rb3 33. c4 Ra3 34. Rd8+ Ke7 35. Nc6+ Ke6 36. e5 Ra1+ 37. Kf2 Ra2+ 38.
Ke3 Nd7 39. f4 Ra3+ 40. Kd2 Nb6 41. Rd6+ Kf5 42. Ne7+ Kxf4 43. Rxb6 Rxa4
44. Nd5+ Kxe5 45. Ne3 f5 46. Rc6 f4 47. Rxc5+ Kd6 48. Rd5+ Ke6 49. Nc2 Rxc4
50. Ra5 h6 51. Kd3 Rc7 52. Rxa6+ Kf7 53. Nb4 Rb7 54. Nd5 f3 55. gxf3 Rb3+
56. Ke4 Rb2 57. Ra7+ Kg8 58. Ne7+ Kh8 59. Nf5 Re2+ 60. Kf4 g5+ 61. Kg3 h5
62. h4 Re5 63. Nd6 gxh4+ 64. Kxh4 Rd5 65. Ne4 Rf5 66. Ng5 1-0

[Event "11th WUCC Women"]
[Site "Zuerich SUI"]
[Date "2010.09.10"]
[Round "7"]
[White "Yanjindulam,D"]
[Black "Tsereteli,T"]
[Result "1/2-1/2"]
[WhiteElo "2212"]
[BlackElo "2384"]
[EventDate "2010.09.05"]

1. e4 c5 2. c3 d5 3. exd5 Qxd5 4. d4 Nc6 5. Nf3 Bg4 6. dxc5 Qxd1+ 7. Kxd1
e5 8. b4 a5 9. Bb5 axb4 10. Bxc6+ bxc6 11. cxb4 e4 12. h3 exf3 13. hxg4
fxg2 14. Rg1 O-O-O+ 15. Kc2 Rd4 16. Kb3 Rxg4 17. Nd2 h5 18. Nc4 h4 19. Ne5
Re4 20. Nxf7 h3 21. Nxh8 Rh4 22. Ng6 h2 23. Bg5 Rh3+ 24. Ka4 h1=Q 25. Nxf8
Qh2 26. Rad1 Nf6 27. Bxf6 gxf6 28. Nd7 Rh7 29. Nb6+ Kb8 30. Rd8+ Kb7 31.
Rdd1 Rg7 32. Nc4 Kc7 33. Nb6 Qf4 34. Rxg2 Rxg2 35. Rd7+ Kb8 36. Rd8+ Kb7
37. Rd7+ Ka6 38. Na8 Rg8 39. Nc7+ Kb7 40. Ne6+ Kc8 41. Nxf4 Kxd7 42. Kb3
Rg4 43. Nd3 Ke6 44. a4 Rd4 45. Kc3 Kd5 46. b5 Rxa4 47. b6 Ra3+ 48. Kc2 Ra5
49. Kc3 Rb5 50. f3 f5 51. f4 Ra5 52. b7 Rb5 53. Nb4+ Ke4 54. Nxc6 Rxb7 55.
Nd4 Kxf4 56. c6 Rb8 57. Kc4 Ke4 58. Kc5 f4 59. Ne6 f3 60. Ng5+ Ke3 61. Nxf3
Kxf3 62. c7 Rg8 63. Kc6 Ke4 64. Kb7 Kd5 65. c8=Q Rxc8 66. Kxc8 1/2-1/2

[Event "11th WUCC Women"]
[Site "Zuerich SUI"]
[Date "2010.09.10"]
[Round "7"]
[White "Borosova,Z"]
[Black "Zhang Ying"]
[Result "1-0"]
[WhiteElo "2277"]
[BlackElo "2210"]
[EventDate "2010.09.05"]

1. e4 e5 2. Nf3 Nc6 3. Bc4 Nf6 4. d3 Be7 5. O-O O-O 6. Re1 d6 7. c3 Bg4 8.
h3 Bh5 9. Bb3 d5 10. Qe2 dxe4 11. dxe4 Bg6 12. Nbd2 Bc5 13. Qb5 Qd6 14. Nc4
Qe7 15. Qxb7 Nxe4 16. Qxc6 Bxf2+ 17. Kh2 Bg3+ 18. Kg1 Bf2+ 19. Kf1 Bxe1 20.
Kxe1 Nc5 21. Be3 Nd3+ 22. Kf1 Kh8 23. Kg1 e4 24. Ne1 Rfd8 25. Nxd3 exd3 26.
Re1 Re8 27. Nd2 Qh4 28. Nf3 Qh5 29. Bf2 f6 30. Qxc7 Rxe1+ 31. Bxe1 Be4 32.
Bd1 Re8 33. Bd2 Qb5 34. b4 Qa6 35. a4 Qe6 36. Qc5 Rc8 37. Qxa7 Qa2 38. Qe3
f5 39. a5 Qa1 40. Qe1 Re8 41. Qf1 Qb2 42. Be1 Bxf3 43. Bxf3 Qc1 44. Qxd3
Qxe1+ 45. Qf1 Qxc3 46. Qb5 Qc1+ 47. Kh2 Qf4+ 48. g3 Qd2+ 49. Bg2 Rd8 50.
Qe5 Qxb4 51. a6 Qa4 52. Qc7 Re8 53. a7 Re2 54. Qb8+ Re8 55. Qxe8+ Qxe8 56.
a8=Q Qxa8 57. Bxa8 g5 58. Kg2 Kg7 59. Bc6 Kf6 60. Be8 Ke5 61. g4 Kf4 62.
Bh5 Ke4 63. Kf2 Kf4 64. Ke2 Ke4 65. Kd2 Ke5 66. Ke3 f4+ 67. Kd3 Kd5 68. Be8
h6 69. Bh5 Ke5 70. Bf7 Kf6 71. Bb3 Ke5 72. Bd1 Kd5 73. Be2 Ke5 74. Bf3 Kd6
75. Kd4 Ke6 76. Ke4 Kf6 77. Kd5 Ke7 78. Ke5 Kf7 79. Kf5 Kg7 80. Bd5 Kh7 81.
Kf6 h5 82. Kxg5 hxg4 83. hxg4 1-0

[Event "11th WUCC Women"]
[Site "Zuerich SUI"]
[Date "2010.09.10"]
[Round "7"]
[White "Fuchs,Ju"]
[Black "Davletbayeva,M"]
[Result "1-0"]
[WhiteElo "2237"]
[BlackElo "2163"]
[EventDate "2010.09.05"]

1. e4 c5 2. Nf3 d6 3. d4 cxd4 4. Nxd4 Nf6 5. Nc3 g6 6. Be3 Bg7 7. f3 O-O 8.
Bc4 Nc6 9. Qd2 Bd7 10. O-O-O Qa5 11. Kb1 Rfc8 12. Bb3 Ne5 13. g4 Nc4 14.
Bxc4 Rxc4 15. Nb3 Qa6 16. e5 Ne8 17. Nd5 Bxe5 18. Nxe7+ Kf8 19. Nd5 Rac8
20. Bh6+ Bg7 21. Bxg7+ Kxg7 22. Ne3 Ra4 23. a3 b5 24. h4 b4 25. h5 bxa3 26.
bxa3 Qb5 27. hxg6 fxg6 28. Nd5 Nf6 29. Nxf6 Kxf6 30. Qxd6+ Be6 31. Rxh7 Re8
32. Re1 Qg5 33. Rxe6+ 1-0

[Event "11th WUCC Women"]
[Site "Zuerich SUI"]
[Date "2010.09.10"]
[Round "7"]
[White "Lkhamsuren,U"]
[Black "Salman,Ma"]
[Result "1-0"]
[WhiteElo "2206"]
[BlackElo "2001"]
[EventDate "2010.09.05"]

1. e4 c5 2. Nf3 d6 3. d4 cxd4 4. Nxd4 Nf6 5. Nc3 a6 6. h3 e5 7. Nde2 b5 8.
g4 Bb7 9. Bg2 Be7 10. Ng3 g6 11. Bh6 b4 12. Nd5 Nxd5 13. exd5 Nd7 14. Qd2
a5 15. O-O Rc8 16. a3 Rc4 17. axb4 axb4 18. Bg7 Rg8 19. Qh6 Nf8 20. Bxf8
Rxf8 21. Be4 Bg5 22. Qxh7 Qf6 23. h4 Bxh4 24. Qh6 Bg5 25. Qh3 Rh8 26. Qg2
Kf8 27. Rfd1 Kg7 28. b3 Rd4 29. Rxd4 exd4 30. Ra4 Bc8 31. Qf3 Qe5 32. Ra7
Bf6 33. Bd3 Rh4 34. Qe4 Rxg4 35. Qxe5 Bxe5 36. Rc7 Bf5 37. Kg2 Rg5 38. Bxf5
Bxg3 39. Be6 Be5+ 40. Kf1 Rh5 41. Rxf7+ Kh6 42. f4 Bg7 43. Kg2 d3 44. cxd3
Bd4 45. Rd7 g5 46. Rxd6 Bf6 47. Bf7 Rh4 48. Rxf6+ Kg7 49. fxg5 Rg4+ 50. Kf3
Rxg5 51. Rg6+ Rxg6 52. Bxg6 1-0

[Event "11th WUCC Women"]
[Site "Zuerich SUI"]
[Date "2010.09.10"]
[Round "7"]
[White "Seps,M"]
[Black "Alavi,H"]
[Result "1-0"]
[WhiteElo "2184"]
[BlackElo "1953"]
[EventDate "2010.09.05"]

1. e4 c6 2. d4 d5 3. Nc3 dxe4 4. Nxe4 Nd7 5. Ng5 Ngf6 6. Bd3 e6 7. N1f3 Bd6
8. Qe2 h6 9. Ne4 Nxe4 10. Qxe4 Nf6 11. Qh4 Ke7 12. Ne5 Bxe5 13. dxe5 Qa5+
14. c3 Qxe5+ 15. Be3 b6 16. O-O-O Qa5 17. Rhe1 Bb7 18. Qg3 Rac8 19. Bc4 Kf8
20. Qd6+ Kg8 21. Qe7 Ba6 22. Rd8+ Kh7 23. Rxh8+ Rxh8 24. Bb3 Bd3 25. Qxf7
Bg6 26. Qxe6 Re8 27. Qh3 Nd5 28. Bc2 Bxc2 29. Kxc2 Qxa2 30. Qf5+ Kh8 31.
Qg4 c5 32. Bxh6 Nb4+ 33. cxb4 Qa4+ 34. b3 Qa2+ 35. Kc3 cxb4+ 36. Kxb4 a5+
37. Kc3 Rg8 38. Bxg7+ 1-0

[Event "11th WUCC Women"]
[Site "Zuerich SUI"]
[Date "2010.09.10"]
[Round "7"]
[White "Hegarty,S"]
[Black "Djukic,Sa"]
[Result "1/2-1/2"]
[WhiteElo "2084"]
[BlackElo "2198"]
[EventDate "2010.09.05"]

1. e4 c5 2. Nf3 Nc6 3. d4 cxd4 4. Nxd4 Qc7 5. Nc3 e6 6. Be3 a6 7. Bd3 Nf6
8. O-O Bd6 9. Nxc6 dxc6 10. f4 e5 11. f5 h5 12. Na4 b5 13. Nb6 Rb8 14. Nxc8
Rxc8 15. h3 Qe7 16. Qf3 Bc5 17. a4 Qa7 18. Bxc5 Qxc5+ 19. Qf2 Qxf2+ 20.
Kxf2 O-O 21. axb5 axb5 22. Ra6 Rfd8 23. Ke3 c5 24. Bxb5 Rd4 25. Bc6 Kh7 26.
c3 Rdd8 27. Rf2 Rd1 28. Rd2 Re1+ 29. Re2 Rd1 30. Ba4 Rb1 31. Rc6 Ra8 32.
Bb3 Rb8 33. Bxf7 h4 34. Rxc5 R8xb2 35. Rxb2 Rxb2 36. Kf3 Rc2 37. Bg6+ Kh6
38. Rc8 Kg5 39. g3 hxg3 40. Kxg3 Nxe4+ 41. Kf3 Nxc3 42. Rg8 e4+ 43. Ke3 Rh2
44. h4+ Rxh4 45. Rxg7 Rh3+ 46. Kd2 Rd3+ 47. Kc2 Nd5 48. Rg8 Ne3+ 49. Kb2
Nxf5 50. Bh7+ Kf4 51. Rf8 Rd5 52. Kc2 Kg5 53. Rxf5+ Rxf5 54. Bxf5 Kxf5 55.
Kd2 Ke6 56. Ke1 Kd6 57. Kd2 Kd5 58. Ke2 Kd4 59. Kd2 e3+ 60. Ke1 Kd3 61. Kd1
e2+ 62. Ke1 1/2-1/2

[Event "11th WUCC Women"]
[Site "Zuerich SUI"]
[Date "2010.09.10"]
[Round "7"]
[White "Hoolt,S"]
[Black "Hemmatizadeh,N"]
[Result "1/2-1/2"]
[WhiteElo "2251"]
[BlackElo "1891"]
[EventDate "2010.09.05"]

1. e4 c5 2. Nf3 Nc6 3. Bb5 g6 4. Bxc6 dxc6 5. d3 Bg7 6. h3 Nf6 7. Nc3 O-O
8. Be3 b6 9. Qd2 Re8 10. Bh6 e5 11. Bxg7 Kxg7 12. O-O Qc7 13. Nh2 Nh5 14.
Ne2 Qd6 15. b3 a5 16. a4 Ra7 17. Rae1 Rae7 18. Nf3 Qf6 19. Qe3 Kg8 20. Nd2
Nf4 21. Nc4 Nxe2+ 22. Rxe2 Rb7 23. f4 exf4 24. Rxf4 Qd8 25. e5 Rf8 26. Nd6
Re7 27. Ne4 Rxe5 28. Nf6+ Qxf6 29. Rxf6 Rxe3 30. Rxe3 Be6 31. Kf2 Kg7 32.
Rf4 g5 33. Rfe4 Kg6 34. g4 h5 35. gxh5+ Kxh5 36. Kg3 f5 37. Rxe6 f4+ 38.
Kg2 fxe3 39. Rxe3 Rf4 40. Re6 b5 41. Rxc6 bxa4 42. bxa4 Rxa4 43. Rxc5 Ra1
44. Rc8 a4 45. Rh8+ Kg6 46. h4 gxh4 47. Rxh4 a3 48. Ra4 Ra2 49. Kf3 Rxc2
50. Rxa3 Kf5 51. Ra5+ Ke6 52. Ke4 Rh2 53. Ra6+ Kd7 54. Rf6 Rh4+ 55. Rf4
Rxf4+ 56. Kxf4 Kd6 57. Ke4 Ke6 58. Kd4 Kd6 59. Ke3 Kd5 60. Ke2 Kd4 61. Kd2
Kd5 62. Kc2 Kd4 63. Kd2 Kd5 64. Ke3 Ke5 65. d4+ Kd5 66. Kd3 Kd6 67. Ke2 Kd5
68. Ke3 Kd6 69. Ke4 Ke6 70. d5+ Kd6 71. Kd4 Kd7 72. Ke5 Ke7 73. Kf5 Kd6 74.
Ke4 Kd7 75. Kd4 Kd6 76. Kc4 Kd7 77. Kc5 Kc7 78. d6+ Kd7 79. Kd5 Kd8 80. Ke4
Kd7 81. Ke5 Kd8 82. Kd5 Kd7 83. Kc5 1/2-1/2

[Event "11th WUCC Women"]
[Site "Zuerich SUI"]
[Date "2010.09.10"]
[Round "7"]
[White "Nakhbayeva,G"]
[Black "Heinatz,M"]
[Result "1-0"]
[WhiteElo "2216"]
[BlackElo "1935"]
[EventDate "2010.09.05"]

1. d4 d5 2. c4 c6 3. Nf3 Nf6 4. e3 Bf5 5. Nc3 e6 6. Qb3 Qc7 7. Nh4 Bg6 8.
Nxg6 hxg6 9. h3 Bd6 10. Bd2 Nbd7 11. O-O-O O-O-O 12. Kb1 Kb8 13. Rc1 dxc4
14. Bxc4 Nb6 15. Be2 Qe7 16. f4 Nh5 17. Ne4 Nd5 18. Rxc6 f5 19. Nxd6 Rxd6
20. Bb4 Nxb4 21. Qxb4 Rhd8 22. Rhc1 Ng3 23. Bf3 R6d7 24. Qb3 Re8 25. R1c5
Nf1 26. Rc2 Nxe3 27. Re2 Ka8 28. Rxe3 bxc6 29. Bxc6+ Rb7 30. Rxe6 1-0

[Event "11th WUCC Women"]
[Site "Zuerich SUI"]
[Date "2010.09.10"]
[Round "7"]
[White "Lindiawati,E"]
[Black "Garcia,Lir"]
[Result "0-1"]
[WhiteElo "2133"]
[BlackElo "1908"]
[EventDate "2010.09.05"]

1. e4 c6 2. d4 d5 3. Nc3 g6 4. e5 h5 5. Bd3 Nh6 6. Nf3 Bf5 7. Bg5 Qd7 8.
Be2 Bg4 9. Qd2 Nf5 10. O-O-O Na6 11. Rhe1 Nc7 12. e6 Nxe6 13. Ne5 Qc7 14.
f3 Nxg5 15. fxg4 Bh6 16. Kb1 Nf3 17. Qd3 Nxe1 18. Rxe1 hxg4 19. Bxg4 Bf4
20. Nf3 e6 21. g3 Bd6 22. Bxf5 gxf5 23. Qxf5 O-O-O 24. Qd3 Bb4 25. Re2 Bxc3
26. Qxc3 Rh5 27. Ne5 Rdh8 28. h4 Rg8 29. Rf2 Rg7 30. b3 c5 31. g4 Rxh4 32.
dxc5 Rh1+ 33. Kb2 Rhh7 34. Qd4 Rg5 35. Nd3 Qg3 36. c6 b6 37. Qb4 Qc7 38.
Qf8+ Qd8 39. Qa3 a5 40. Qa4 d4 41. b4 Qd5 42. Rf4 Qc4 43. Qb3 Qxb3+ 44.
axb3 e5 45. Re4 f6 46. b5 Rh2 47. Ne1 Rh4 48. Re2 Rgxg4 49. Rf2 Rf4 50. Rg2
Rfg4 51. Rf2 Rh1 52. Rxf6 Rxe1 53. Rf8+ Kc7 54. Rf7+ Kd6 55. Rd7+ Ke6 56.
Rd8 Rgg1 57. b4 a4 0-1

[Event "11th WUCC Women"]
[Site "Zuerich SUI"]
[Date "2010.09.10"]
[Round "7"]
[White "Martinez,Jan"]
[Black "Kadek,I"]
[Result "1-0"]
[WhiteElo "1949"]
[BlackElo "1889"]
[EventDate "2010.09.05"]

1. d4 d5 2. Nf3 e6 3. Bg5 Nf6 4. e3 c6 5. Bd3 Nbd7 6. O-O Bd6 7. c4 O-O 8.
Nc3 Re8 9. cxd5 exd5 10. Bf5 h6 11. Bh4 Nf8 12. Bxc8 Rxc8 13. Qd3 Ng6 14.
Bg3 Bxg3 15. hxg3 Ne4 16. Nd2 Nxd2 17. Qxd2 Qg5 18. Rac1 h5 19. Ne2 h4 20.
Rc3 hxg3 21. Nxg3 Re6 22. Qc2 Nh4 23. Rc1 Rce8 24. b4 a6 25. a4 Rh6 26. b5
axb5 27. axb5 Ng6 28. bxc6 bxc6 29. Rxc6 Rxe3 30. Nf5 Re4 31. Nxh6+ gxh6
32. Rc8+ Kg7 33. f3 Rh4 34. Qe2 Rxd4 35. Qe8 Qe7 36. Qxe7 Nxe7 37. R8c7 Nf5
38. Rd7 Rd2 39. Rcc7 d4 40. Rxf7+ Kg6 41. Rfd7 h5 42. Rc5 Rd1+ 43. Kf2 Rd2+
44. Kf1 d3 45. Re5 Kf6 46. f4 Ng3+ 47. Ke1 Re2+ 48. Rxe2 Nxe2 49. Rxd3 Nxf4
50. Rf3 Ke5 51. Kf2 Ke4 52. Re3+ Kf5 53. Kf3 Ne6 54. Ra3 Nd4+ 55. Kg3 Ne2+
56. Kh4 Kg6 57. Ra6+ Kf5 58. Ra5+ Kf6 59. g3 Kg6 60. Rg5+ Kf6 61. Rxh5 Nd4
62. g4 Kf7 63. Ra5 Ne6 64. Ra7+ Kg8 65. g5 Nf4 66. Kg4 1-0

[Event "11th WUCC Women"]
[Site "Zuerich SUI"]
[Date "2010.09.10"]
[Round "7"]
[White "Naydenova,Yordanka"]
[Black "Dale,H"]
[Result "1-0"]
[WhiteElo "1788"]
[BlackElo "1779"]
[EventDate "2010.09.05"]

1. e4 e6 2. d4 d5 3. Nd2 Nf6 4. e5 Nfd7 5. f4 c5 6. c3 Nc6 7. Ndf3 a6 8.
Bd3 b5 9. Ne2 Be7 10. O-O b4 11. g4 f6 12. Be3 Qb6 13. Qd2 bxc3 14. bxc3
cxd4 15. cxd4 Bb4 16. Qc1 Bb7 17. a3 Ba5 18. Rb1 Qa7 19. Bf2 Rc8 20. Qe3
fxe5 21. fxe5 Bd8 22. Ng5 Nf8 23. Qf4 Bxg5 24. Qxg5 Rc7 25. Be3 Bc8 26. Rf3
Rf7 27. Rbf1 Rxf3 28. Rxf3 Qe7 29. Qh5+ g6 30. Qh6 Rg8 31. Bg5 Qg7 32. Qh4
Qa7 33. Qf2 Qg7 34. Nc3 Qa7 35. Be3 Qe7 36. a4 Nb4 37. Bb1 Qc7 38. Qb2 Qc4
39. a5 Nc6 40. Ba2 Qb4 41. Qxb4 Nxb4 42. Bd2 Nc6 43. Ne2 Rg7 44. Rb3 Rb7
45. Kf2 Nd7 46. Rxb7 Bxb7 47. Ke3 Na7 48. Nf4 Kf7 49. h4 Nb5 50. Bb4 Nc7
51. Bb1 Kg7 52. Bd6 Nb5 53. Be7 Nb8 54. Bf6+ Kf7 55. h5 gxh5 56. Bxh7 1-0

[Event "11th WUCC Women"]
[Site "Zuerich SUI"]
[Date "2010.09.10"]
[Round "7"]
[White "Liyanagedara,L"]
[Black "Ferreira,Ana"]
[Result "1-0"]
[WhiteElo "1844"]
[BlackElo "1816"]
[EventDate "2010.09.05"]

1. d4 Nf6 2. Nf3 g6 3. Bg5 Bg7 4. Nbd2 d5 5. e3 O-O 6. Bd3 Nbd7 7. O-O c5
8. c3 Qc7 9. Bf4 Qb6 10. Rb1 Re8 11. h3 Nh5 12. Bh2 f5 13. Ne5 cxd4 14.
exd4 f4 15. Ndf3 Rf8 16. Kh1 Nxe5 17. dxe5 Be6 18. Qe2 Kh8 19. Nh4 g5 20.
Qxh5 1-0

[Event "11th WUCC Women"]
[Site "Zuerich SUI"]
[Date "2010.09.10"]
[Round "8"]
[White "Drljevic,L"]
[Black "Munguntuul,B"]
[Result "0-1"]
[WhiteElo "2273"]
[BlackElo "2412"]
[EventDate "2010.09.05"]

1. e4 c5 2. d3 Nc6 3. g3 d5 4. Nd2 e6 5. Bg2 b6 6. Ne2 Nf6 7. O-O Be7 8.
Re1 O-O 9. c3 a5 10. exd5 exd5 11. Nf4 Bb7 12. a4 Re8 13. h3 Rb8 14. Qb3
Na7 15. Nf3 Qc7 16. Be3 h6 17. h4 Bc6 18. Qc2 Bd6 19. d4 c4 20. b3 cxb3 21.
Qxb3 b5 22. axb5 Nxb5 23. Qa2 Nxc3 24. Qxa5 Qxa5 25. Rxa5 Bb4 26. Raa1 Nce4
27. Rec1 Bb5 28. Ne5 Bd6 29. Rab1 Ba6 30. Rxb8 Bxb8 31. Ra1 Bc4 32. Nxc4
dxc4 33. Rc1 Nxg3 34. fxg3 Rxe3 35. Rxc4 Kh7 36. Nd5 Nxd5 37. Bxd5 Rxg3+
38. Kf2 Rg4 39. h5 g6 40. Bf3 Rh4 41. hxg6+ Kxg6 42. Ke3 Kg5 43. Rc5+ f5
44. Rc8 Bf4+ 45. Kf2 Bd2 46. d5 Rd4 47. Rg8+ Kf4 48. Re8 Bb4 49. Be2 Rxd5
50. Re6 Bc5+ 51. Kg2 Rd2 52. Kf1 Kg5 53. Re5 Bd6 54. Rb5 Bg3 55. Rb7 Ra2
56. Bc4 Rc2 57. Be2 Kh4 58. Rg7 Kh3 59. Rd7 f4 60. Rd6 Rc1+ 61. Bd1 h5 62.
Ke2 f3+ 63. Kd2 Rxd1+ 0-1

[Event "11th WUCC Women"]
[Site "Zuerich SUI"]
[Date "2010.09.10"]
[Round "8"]
[White "Borosova,Z"]
[Black "Guramishvili,S"]
[Result "1/2-1/2"]
[WhiteElo "2277"]
[BlackElo "2343"]
[EventDate "2010.09.05"]

1. e4 c5 2. Nf3 d6 3. d4 cxd4 4. Nxd4 Nf6 5. Nc3 a6 6. f4 Nbd7 7. a4 Qc7 8.
Bd3 g6 9. Nf3 Bg7 10. O-O O-O 11. Qe1 e6 12. Kh1 b6 13. Qh4 Bb7 14. f5 exf5
15. exf5 Ne5 16. Bg5 Nxf3 17. Rxf3 Bxf3 18. gxf3 Qc6 19. Bxf6 Qxf3+ 20. Kg1
Bxf6 21. Qxf6 Qg4+ 22. Kh1 Qf3+ 23. Kg1 Qg4+ 24. Kh1 1/2-1/2

[Event "11th WUCC Women"]
[Site "Zuerich SUI"]
[Date "2010.09.10"]
[Round "8"]
[White "Tsereteli,T"]
[Black "Seps,M"]
[Result "1-0"]
[WhiteElo "2384"]
[BlackElo "2184"]
[EventDate "2010.09.05"]

1. e4 c5 2. Nf3 Nc6 3. Bb5 g6 4. Bxc6 dxc6 5. h3 Bg7 6. d3 Nf6 7. Nc3 Nd7
8. Be3 O-O 9. Qd2 Qb6 10. Rb1 Bxc3 11. Qxc3 Qb4 12. Qd2 Qxd2+ 13. Nxd2 b6
14. a4 Nb8 15. Nc4 Be6 16. b3 Na6 17. Ke2 f6 18. f4 Rfd8 19. c3 Rd7 20. g4
Rad8 21. Rbd1 Bf7 22. Rd2 Nc7 23. Rb1 Kg7 24. Rg1 Kh8 25. Rb1 Kg7 26. Na3
Na6 27. a5 b5 28. Nc2 Re8 29. b4 c4 30. Na3 cxd3+ 31. Rxd3 Rxd3 32. Kxd3
Rd8+ 33. Ke2 Rd7 34. Rd1 Rc7 35. Kf3 c5 36. bxc5 Nxc5 37. Nxb5 Rb7 38. Nxa7
Na4 39. a6 Rb2 40. Nc6 Be8 41. Nxe7 Nxc3 42. Bd4 Rb3 43. Rd3 Kf7 44. Bxc3
Bb5 45. Re3 Bxa6 46. Nd5 1-0

[Event "11th WUCC Women"]
[Site "Zuerich SUI"]
[Date "2010.09.10"]
[Round "8"]
[White "Sukandar,I"]
[Black "Severiukhina,Z"]
[Result "1-0"]
[WhiteElo "2372"]
[BlackElo "2313"]
[EventDate "2010.09.05"]

1. e4 d6 2. d4 Nf6 3. Nc3 g6 4. Bg5 c6 5. Qd2 b5 6. Bd3 Nbd7 7. d5 cxd5 8.
Bxf6 Nxf6 9. Bxb5+ Bd7 10. Bxd7+ Qxd7 11. exd5 Rb8 12. Rb1 Qg4 13. f3 Qh5
14. Qd4 Bh6 15. Nge2 Qf5 16. Qa4+ Kf8 17. O-O Nxd5 18. Kh1 Ne3 19. Qxa7 Kg7
20. Rfe1 e5 21. Qc7 d5 22. Ng3 Qe6 23. Re2 Rhc8 24. Qa5 Qc6 25. Kg1 Ra8 26.
Qb4 d4 27. Nd1 Nxc2 28. Qb3 Rab8 29. Qd3 Nb4 30. Qa3 d3 31. Rxe5 Qc2 32.
Nc3 d2 33. Rf1 Nd3 34. Rd5 Nxb2 35. Nge4 Rb6 36. f4 Nc4 37. Qa7 Kg8 38. Qd7
Rbc6 39. Qe7 Bf8 40. Qh4 Qb2 41. Rd7 Qb6+ 42. Kh1 Bg7 43. Nd5 Qa5 44. Ne7+
Kh8 45. Nxc6 1-0

[Event "11th WUCC Women"]
[Site "Zuerich SUI"]
[Date "2010.09.10"]
[Round "8"]
[White "Tuvshintugs,B"]
[Black "Yanjindulam,D"]
[Result "1-0"]
[WhiteElo "2333"]
[BlackElo "2212"]
[EventDate "2010.09.05"]

1. d4 Nf6 2. c4 e6 3. Nf3 d5 4. Nc3 c6 5. Bg5 Be7 6. e3 Nbd7 7. Qc2 O-O 8.
Bd3 Re8 9. O-O a6 10. Rac1 Nf8 11. Rfe1 Bd7 12. e4 dxe4 13. Bxe4 Qa5 14.
Ne5 Rad8 15. c5 Bc8 16. Rcd1 Qc7 17. Bh4 Nh5 18. Bxe7 Rxe7 19. Nc4 Qf4 20.
Nd6 Qg5 21. Bf3 Nf4 22. Nce4 Qh6 23. Qd2 N8g6 24. g3 f5 25. Nxc8 Rxc8 26.
Nd6 Rf8 27. gxf4 Nxf4 28. Bg2 Rf6 29. Re3 Qh4 30. Rg3 Rh6 31. Kf1 g5 32. h3
Rg6 33. Re1 Rd7 34. Qe3 Rf6 35. Qe5 Nh5 36. Rb3 g4 37. Ne8 Rg6 38. hxg4
Qxg4 39. Bf3 Qh3+ 40. Ke2 Qh4 41. Bxh5 Qxh5+ 42. Rf3 Qh4 43. Rg3 Rxd4 44.
Rxg6+ hxg6 45. Qg7+ 1-0

[Event "11th WUCC Women"]
[Site "Zuerich SUI"]
[Date "2010.09.10"]
[Round "8"]
[White "Zhang Ying"]
[Black "Lkhamsuren,U"]
[Result "1-0"]
[WhiteElo "2210"]
[BlackElo "2206"]
[EventDate "2010.09.05"]

1. e4 e6 2. d4 d5 3. Nc3 Bb4 4. e5 c5 5. a3 Bxc3+ 6. bxc3 Ne7 7. a4 Qc7 8.
Nf3 b6 9. Bb5+ Bd7 10. Bd3 Nbc6 11. O-O h6 12. Ba3 Na5 13. Qd2 Bxa4 14.
dxc5 bxc5 15. Bxc5 Qxc5 16. Rxa4 O-O 17. Rg4 Kh8 18. Rh4 Ng8 19. g4 Rfc8
20. g5 Qf8 21. Kh1 Nc6 22. gxh6 Nxh6 23. Qf4 Rab8 24. Rg1 1-0